000 00299 a2200145 4500
001 72282
020 _a
040 _cAnchieta - Colégio São Paulo
240 1 0 _aPalavra - Vida
_lpor
245 1 0 _aPalavra - Vida
300 _a258
362 0 _a2000
650 4 _aPoesia brasileira
942 _cBK
999 _c72282
_d72282